000 01050nam a22002537a 4500
999 _c63878
_d63878
005 20240530110703.0
008 171225s2015 ua a g b 000 0dara d
017 _a2015/10861
_bمصر. دار الكتب
020 _a9789779103532
040 _aEG-CaGPL
_cEG-CaGPL
082 0 4 _221
_a910.45\
_bج ق
100 0 _aجمال كمال محمود
245 1 2 _aالقرصنة فى البحر المتوسط فى العصر العثمانى :
_bدراسة تاريخية وثائقية /
_cتأليف جمال كمال محمود ؛ تقديم محمد عفيفى .
250 _aط.1
260 _aالقاهرة :
_bالهيئة المصرية العامة للكتاب ،
_c2015 .
300 _a205 ص. ؛
_c24 سم.
504 _aببليوجرافية : ص 199 - 204
650 0 7 _2qrmak
_aالقرصنة
650 0 7 _2qrmak
_aالقرصنة
_xتاريخ
_yالامبراطورية العثمانية
651 _2qrmak
700 0 _aمحمد عفيفى
_eمقدم
942 _2ddc
_cBK